[Event "Mitropa Cup (Women)"]
[Site "Trencin"]
[Date "2025.05.21"]
[Round "8.4"]
[White "Deak Sala, Emilia"]
[Black "Sekova, Olivia"]
[Result "1-0"]
[WhiteElo "2079"]
[BlackElo "2153"]
[PlyCount "63"]
[EventDate "2025.05.14"]
[EventType "team-tourn"]
[EventRounds "9"]
[EventCountry "SVK"]
[SourceTitle "CB22_2025"]
[SourceDate "2025.05.28"]
[SourceVersion "1"]
[SourceVersionDate "2025.05.28"]
[SourceQuality "1"]
[WhiteTeam "Austria (W)"]
[BlackTeam "Slovakia (W)"]
[WhiteTeamCountry "AUT"]
[BlackTeamCountry "SVK"]

1. e4 c5 2. Nf3 d6 3. Bb5+ Bd7 4. Bxd7+ Qxd7 5. 0-0 Nc6 6. c3 Nf6 7. Re1 e6 8. d4 cxd4 9. cxd4 d5 10. e5 Ne4 11. a3 Be7 12. Qd3 Rc8 13. Nbd2 Nxd2 14. Bxd2 0-0 15. h4 h6 16. g4 f5 17. exf6 Rxf6 18. g5 hxg5 19. hxg5 Rxf3 20. Qxf3 Nxd4 21. Qh3 Rf8 22. g6 Nf3+ 23. Kh1 Nh4 24. Qxe6+ Qxe6 25. Rxe6 Bf6 26. Bb4 Rc8 27. Be7 Nxg6 28. Bxf6 Nf4 29. Rd6 gxf6 30. Rxf6 Nd3 31. Rg1+ Kh7 32. Rf3 1-0

[Event "Mitropa Cup (Women)"]
[Site "Trencin"]
[Date "2025.05.19"]
[Round "6.4"]
[White "Deak Sala, Emilia"]
[Black "Hajdinic, Ema"]
[Result "1-0"]
[WhiteElo "2079"]
[BlackElo "1997"]
[PlyCount "67"]
[EventDate "2025.05.14"]
[EventType "team-tourn"]
[EventRounds "9"]
[EventCountry "SVK"]
[SourceTitle "CB22_2025"]
[SourceDate "2025.05.28"]
[SourceVersion "1"]
[SourceVersionDate "2025.05.28"]
[SourceQuality "1"]
[WhiteTeam "Austria (W)"]
[BlackTeam "Croatia (W)"]
[WhiteTeamCountry "AUT"]
[BlackTeamCountry "CRO"]

1. e4 c5 2. Nf3 e6 3. d4 cxd4 4. Nxd4 Nf6 5. Bd3 Nc6 6. Nxc6 bxc6 7. Bf4 d5 8. Nd2 a5 9. 0-0 Ba6 10. c4 Be7 11. e5 Nd7 12. Re1 Nc5 13. Bf1 0-0 14. Rc1 Rc8 15. cxd5 Bxf1 16. d6 Nd3 17. dxe7 Qxe7 18. Rxf1 Nxf4 19. Qg4 Nd3 20. Rc3 Nxe5 21. Qh5 Ng6 22. Qxa5 Ra8 23. Qb6 Qd8 24. Qe3 Rxa2 25. Nc4 Qf6 26. Qb6 Nf4 27. Rf3 Qg5 28. Ne3 Ne2+ 29. Kh1 Qb5 30. Qc7 Rxb2 31. h3 Nd4 32. Rf4 Nf5 33. Rd1 Nxe3 34. Qxf7+ 1-0

[Event "EU-ch (Women) 25th"]
[Site "Rhodes"]
[Date "2025.04.10"]
[Round "10"]
[White "Deak Sala, Emilia"]
[Black "Krkyasharyan, Sona"]
[Result "1/2-1/2"]
[WhiteElo "2112"]
[BlackElo "1989"]
[PlyCount "71"]
[EventDate "2025.03.31"]
[EventType "swiss"]
[EventRounds "11"]
[EventCountry "GRE"]
[SourceTitle "CB16_2025"]
[SourceDate "2025.04.16"]
[SourceVersion "1"]
[SourceVersionDate "2025.04.16"]
[SourceQuality "1"]

1. Nf3 d5 2. g3 Nf6 3. Bg2 g6 4. 0-0 Bg7 5. c4 dxc4 6. Na3 0-0 7. Nxc4 c6 8. d3 Nbd7 9. Rb1 Nb6 10. Nxb6 axb6 11. a3 b5 12. Qc2 Re8 13. b4 e5 14. e4 Bg4 15. Bb2 Nd7 16. Nd2 Nf8 17. Nb3 Qc8 18. f4 Bh3 19. Bxh3 Qxh3 20. f5 Nd7 21. Nd2 Re7 22. Rf2 Nf6 23. Nf1 Ng4 24. Rf3 Kh8 25. Rd1 Rd8 26. Qe2 Red7 27. Ne3 Nxe3 28. Qxe3 Qh5 29. fxg6 fxg6 30. Kg2 Qg4 31. Qc5 Qe6 32. Rdf1 Kg8 33. Qc2 Re8 34. h4 h5 35. R1f2 Ree7 36. Qc5 1/2-1/2

[Event "Wch U18 Girls blitz"]
[Site "Terme Catez"]
[Date "2024.12.16"]
[Round "16"]
[White "Deak Sala, Emilia"]
[Black "Mihelic, Vesna"]
[Result "0-1"]
[WhiteElo "1866"]
[BlackElo "1934"]
[PlyCount "48"]
[EventDate "2024.12.16"]
[EventType "swiss (blitz)"]
[EventRounds "22"]
[EventCountry "SLO"]
[SourceTitle "CB51_2024"]
[SourceDate "2024.12.18"]
[SourceVersion "1"]
[SourceVersionDate "2024.12.18"]
[SourceQuality "1"]

1. Nf3 d5 2. g3 Nf6 3. Bg2 c5 4. d3 Nc6 5. 0-0 g6 6. b3 Bg7 7. Bb2 0-0 8. c4 d4 9. Re1 e5 10. Qc2 Qc7 11. a3 Re8 12. Nbd2 b6 13. h3 Bb7 14. e3 Rad8 15. exd4 Nxd4 16. Nxd4 exd4 17. Nf3 Nd7 18. Rad1 Ne5 19. Nxe5 Bxe5 20. Bc1 Bxg2 21. Kxg2 Qc6+ 22. Kg1 Qf3 23. Re2 Bxg3 24. Rxe8+ Rxe8 0-1

[Event "Wch U18 Girls blitz"]
[Site "Terme Catez"]
[Date "2024.12.16"]
[Round "10"]
[White "Deak Sala, Emilia"]
[Black "Sevcikova, Lucia"]
[Result "1/2-1/2"]
[WhiteElo "1866"]
[BlackElo "1980"]
[PlyCount "97"]
[EventDate "2024.12.16"]
[EventType "swiss (blitz)"]
[EventRounds "22"]
[EventCountry "SLO"]
[SourceTitle "CB51_2024"]
[SourceDate "2024.12.18"]
[SourceVersion "1"]
[SourceVersionDate "2024.12.18"]
[SourceQuality "1"]

1. Nf3 d5 2. g3 c6 3. Bg2 Nf6 4. d3 Bf5 5. 0-0 h6 6. b3 e6 7. Bb2 Nbd7 8. c4 Be7 9. e3 0-0 10. Nc3 Nc5 11. Ne1 dxc4 12. dxc4 Qxd1 13. Rxd1 Rfd8 14. Rxd8+ Rxd8 15. Ba3 Rd2 16. e4 Bg6 17. e5 Nfd7 18. Nf3 Rc2 19. Rc1 Rxc1+ 20. Bxc1 Nd3 21. Be3 b6 22. Nd4 N7xe5 23. Nxc6 Nxc6 24. Bxc6 Bb4 25. Nb5 a6 26. Nc7 a5 27. Bxb6 Nc1 28. Na6 Nxa2 29. Nxb4 axb4 30. Ba5 Bc2 31. Ba4 Nc3 32. Bxb4 Nxa4 33. bxa4 Bxa4 34. f4 Bb3 35. c5 Bd5 36. Kf2 Kf8 37. Bc3 g6 38. Ke3 Ke8 39. Bf6 Kd7 40. Kd4 h5 41. Be5 Bc6 42. Bd6 f6 43. Bb8 g5 44. fxg5 fxg5 45. Be5 h4 46. Bf6 hxg3 47. hxg3 g4 48. Ke3 Bf3 49. Kd4 1/2-1/2

[Event "Wch U18 Girls blitz"]
[Site "Terme Catez"]
[Date "2024.12.16"]
[Round "5"]
[White "Deak Sala, Emilia"]
[Black "Tokarz, Izabela"]
[Result "1-0"]
[WhiteElo "1866"]
[BlackElo "1959"]
[PlyCount "59"]
[EventDate "2024.12.16"]
[EventType "swiss (blitz)"]
[EventRounds "22"]
[EventCountry "SLO"]
[SourceTitle "CB51_2024"]
[SourceDate "2024.12.18"]
[SourceVersion "1"]
[SourceVersionDate "2024.12.18"]
[SourceQuality "1"]

1. Nf3 Nf6 2. g3 d5 3. Bg2 c5 4. 0-0 Nc6 5. d3 e5 6. Nbd2 Be7 7. e4 d4 8. Nc4 Qc7 9. a4 Be6 10. b3 Nd7 11. Ne1 g5 12. f4 gxf4 13. gxf4 Bxc4 14. bxc4 0-0-0 15. fxe5 Qxe5 16. Bf4 Qg7 17. Kh1 h5 18. Nf3 h4 19. h3 Rhg8 20. Qe2 Nf8 21. Rab1 Ne6 22. Bh2 Qh6 23. Nd2 Rg7 24. e5 Rdg8 25. Rf2 Kc7 26. Qe4 Qg6 27. Rxb7+ Kd8 28. Qxc6 Qxg2+ 29. Rxg2 Rxg2 30. Qd7# 1-0

[Event "Wch U18 Girls blitz"]
[Site "Terme Catez"]
[Date "2024.12.16"]
[Round "11"]
[White "Striskova, Lucia"]
[Black "Deak Sala, Emilia"]
[Result "1/2-1/2"]
[WhiteElo "1897"]
[BlackElo "1866"]
[PlyCount "53"]
[EventDate "2024.12.16"]
[EventType "swiss (blitz)"]
[EventRounds "22"]
[EventCountry "SLO"]
[SourceTitle "CB51_2024"]
[SourceDate "2024.12.18"]
[SourceVersion "1"]
[SourceVersionDate "2024.12.18"]
[SourceQuality "1"]

1. e4 c5 2. Nf3 Nc6 3. d4 cxd4 4. Nxd4 g6 5. c4 Bg7 6. Be3 Nf6 7. Nc3 0-0 8. f3 d6 9. Qd2 Nxd4 10. Bxd4 Bd7 11. Be2 a5 12. 0-0 Bc6 13. b3 Nd7 14. Be3 Nc5 15. Rac1 Qb6 16. Nd5 Bxd5 17. cxd5 Rfc8 18. Rc2 Qb4 19. Rfc1 Qxd2 20. Rxd2 h5 21. Rdc2 b6 22. Bb5 Kh7 23. Bxc5 bxc5 24. a4 Bd4+ 25. Kh1 Kg7 26. Rc4 Bf6 27. Bd7 1/2-1/2

[Event "Wch U18 Girls rapid"]
[Site "Terme Catez"]
[Date "2024.12.15"]
[Round "7"]
[White "Deak Sala, Emilia"]
[Black "Popandopulo, Kristina"]
[Result "1/2-1/2"]
[WhiteElo "2015"]
[BlackElo "2039"]
[PlyCount "186"]
[EventDate "2024.12.14"]
[EventType "swiss (rapid)"]
[EventRounds "11"]
[EventCountry "SLO"]
[SourceTitle "CB51_2024"]
[SourceDate "2024.12.18"]
[SourceVersion "1"]
[SourceVersionDate "2024.12.18"]
[SourceQuality "1"]

1. Nf3 d5 2. g3 b6 3. Bg2 Bb7 4. 0-0 Nf6 5. b3 e6 6. Bb2 Be7 7. d3 Nbd7 8. Nbd2 c5 9. e3 0-0 10. c4 dxc4 11. Nxc4 b5 12. Nce5 Nxe5 13. Nxe5 Bxg2 14. Kxg2 Rc8 15. Qf3 Qd5 16. e4 Qb7 17. h4 c4 18. bxc4 bxc4 19. Rab1 Qa8 20. Nxc4 Nxe4 21. dxe4 Rxc4 22. Rbe1 Rc2 23. Ba1 f5 24. Re2 Rxe2 25. Qxe2 Qxe4+ 26. Qxe4 fxe4 27. Bd4 Bf6 28. Bxf6 gxf6 29. Re1 f5 30. Rb1 Kg7 31. a4 Kf6 32. a5 h5 33. a6 Re8 34. Rb7 Re7 35. Kf1 e5 36. Ke2 Ke6 37. Rb8 Kf6 38. Rh8 Kg6 39. Rg8+ Rg7 40. Re8 Kf6 41. Rh8 Kg6 42. Re8 Kf6 43. Rc8 Rd7 44. Rc6+ Ke7 45. Rh6 Kf7 46. Rh7+ Ke6 47. Rxh5 Rc7 48. Rh6+ Kd5 49. Rf6 Rc2+ 50. Kf1 e3 51. Rxf5 Ke4 52. Rf7 e2+ 53. Ke1 Ra2 54. Rxa7 Rb2 55. Rd7 Ra2 56. Rd2 Ra1+ 57. Kxe2 Rxa6 58. f3+ Kf5 59. Kf2 Ra3 60. Re2 Ra4 61. Rd2 Rb4 62. Kg2 Ra4 63. Rd8 Ra3 64. g4+ Kf6 65. Re8 Ra1 66. Rf8+ Kg6 67. Rf5 Ra2+ 68. Kg3 Re2 69. f4 Re3+ 70. Kf2 exf4 71. Rxf4 Rh3 72. h5+ Kg5 73. Ra4 Rb3 74. Re4 Rb1 75. Ke3 Rb3+ 76. Kd4 Rb4+ 77. Kd5 Rb5+ 78. Ke6 Rb6+ 79. Kf7 Rb7+ 80. Re7 Rb4 81. Re5+ Kh6 82. g5+ Kxh5 83. g6+ Kh6 84. Re6 Rb7+ 85. Kg8 Rb8+ 86. Kf7 Rb7+ 87. Kf6 Rb1 88. Rc6 Rf1+ 89. Ke7 Kg7 90. Rd6 Re1+ 91. Kd7 Rg1 92. Ke7 Rxg6 93. Rxg6+ Kxg6 1/2-1/2

[Event "Wch U18 Girls"]
[Site "Florianopolis"]
[Date "2024.11.06"]
[Round "8"]
[White "Mihelic, Vesna"]
[Black "Deak Sala, Emilia"]
[Result "1-0"]
[WhiteElo "2091"]
[BlackElo "1968"]
[PlyCount "81"]
[EventDate "2024.10.29"]
[EventType "swiss"]
[EventRounds "11"]
[EventCountry "BRA"]
[SourceTitle "CB45_2024"]
[Source "ChessBase"]
[SourceDate "2024.11.06"]
[SourceVersion "1"]
[SourceVersionDate "2024.11.06"]
[SourceQuality "1"]

1. e4 c5 2. Nf3 e6 3. c4 Nc6 4. d4 cxd4 5. Nxd4 Nf6 6. Nc3 Bb4 7. Nxc6 bxc6 8. Bd3 e5 9. 0-0 0-0 10. f4 d6 11. Na4 d5 12. exd5 e4 13. Bc2 cxd5 14. a3 Be7 15. cxd5 Bb7 16. Nc3 Bc5+ 17. Kh1 Ba6 18. b4 Bxf1 19. bxc5 Bc4 20. d6 Qa5 21. Qd4 Rac8 22. Be3 Rxc5 23. Nxe4 Nxe4 24. Bxe4 Bd5 25. Qxc5 Qxc5 26. Bxc5 Bxe4 27. Rd1 Rd8 28. Bxa7 f5 29. Bb6 Rd7 30. Bc7 Kf7 31. Kg1 Ke6 32. a4 Rf7 33. a5 Kd7 34. a6 Rf8 35. a7 Re8 36. Kf2 Bc6 37. Rc1 Bd5 38. Rc5 Be4 39. Bb8 g6 40. Rc7+ Kxd6 41. Rc4+ 1-0

[Event "Wch U18 Girls"]
[Site "Florianopolis"]
[Date "2024.11.01"]
[Round "4"]
[White "Huayhuas Robles, Laura Sofia"]
[Black "Deak Sala, Emilia"]
[Result "0-1"]
[WhiteElo "1732"]
[BlackElo "1968"]
[PlyCount "73"]
[EventDate "2024.10.29"]
[EventType "swiss"]
[EventRounds "11"]
[EventCountry "BRA"]
[SourceTitle "CB45_2024"]
[Source "ChessBase"]
[SourceDate "2024.11.06"]
[SourceVersion "1"]
[SourceVersionDate "2024.11.06"]
[SourceQuality "1"]

1. d4 Nf6 2. c4 e6 3. Nc3 Bb4 4. Qc2 d5 5. Bg5 dxc4 6. e3 b5 7. Nf3 Bb7 8. Be2 Nbd7 9. 0-0 0-0 10. Nxb5 a6 11. Nc3 Nb6 12. Ne5 c5 13. dxc5 Bxc5 14. Nxc4 Nxc4 15. Bxc4 Qc7 16. Be2 Bd6 17. h4 h6 18. Bxf6 gxf6 19. Bd3 f5 20. e4 Qe7 21. g3 f4 22. Qe2 Kh8 23. e5 Bc5 24. Qh5 f5 25. Qxh6+ Qh7 26. Qxh7+ Kxh7 27. Kh2 Rg8 28. Ne2 Rad8 29. Nxf4 Bb6 30. Rad1 Bf3 31. Rc1 Rg4 32. Bc4 Rd2 33. Bxe6 Be4 34. Rcd1 Rxf2+ 35. Rxf2 Bxf2 36. Rd7+ Kh6 37. Rd6 0-1

[Event "EU-ch U18 Girls"]
[Site "Prague"]
[Date "2024.08.23"]
[Round "2"]
[White "Deak Sala, Emilia"]
[Black "Trasakova, Adela"]
[Result "1-0"]
[WhiteElo "2037"]
[BlackElo "1853"]
[PlyCount "107"]
[EventDate "2024.08.22"]
[EventType "swiss"]
[EventRounds "9"]
[EventCountry "CZE"]
[SourceTitle "CBM 221 Extra"]
[Source "ChessBase"]
[SourceDate "2024.09.30"]
[SourceVersion "1"]
[SourceVersionDate "2024.09.30"]
[SourceQuality "1"]

1. e4 c6 2. d4 d5 3. exd5 cxd5 4. Bd3 Nc6 5. c3 Qc7 6. h3 Nf6 7. Nf3 g6 8. Qc2 Bg7 9. 0-0 0-0 10. Re1 Nh5 11. Be3 Nf4 12. Bf1 a6 13. Qc1 Nh5 14. Nbd2 f5 15. Nb3 f4 16. Bd2 Bf5 17. Nc5 Rf6 18. Bd3 Bxd3 19. Nxd3 Re8 20. c4 Rf5 21. cxd5 Rxd5 22. Nb4 Rd7 23. Qc4+ Kh8 24. Rac1 Qb6 25. Qe6 Rxd4 26. Nxd4 Bxd4 27. Bc3 Ng7 28. Bxd4 Qxd4 29. Nxc6 Nxe6 30. Nxd4 Nxd4 31. Rc4 Nc6 32. Rxf4 Kg7 33. Rf3 Rd8 34. b4 Rd7 35. Re4 Rd1+ 36. Kh2 Rd7 37. a4 Kg8 38. b5 axb5 39. axb5 Nd8 40. h4 Kg7 41. Ree3 Kg8 42. Rd3 Rd6 43. Rxd6 exd6 44. Rd3 Kf7 45. Rxd6 Ke7 46. Rd3 Nf7 47. g4 Ne5 48. Re3 Kd6 49. Kg3 Nc4 50. Re2 Na3 51. f4 Nxb5 52. f5 Nd4 53. Rd2 Ke5 54. Rxd4 1-0

[Event "EU-ch U18 Girls"]
[Site "Prague"]
[Date "2024.08.22"]
[Round "1"]
[White "Kosak, Karolina"]
[Black "Deak Sala, Emilia"]
[Result "0-1"]
[WhiteElo "1833"]
[BlackElo "2037"]
[PlyCount "74"]
[EventDate "2024.08.22"]
[EventType "swiss"]
[EventRounds "9"]
[EventCountry "CZE"]
[SourceTitle "CBM 221 Extra"]
[Source "ChessBase"]
[SourceDate "2024.09.30"]
[SourceVersion "1"]
[SourceVersionDate "2024.09.30"]
[SourceQuality "1"]

1. e4 c5 2. c3 Nf6 3. e5 Nd5 4. Nf3 Nc6 5. Bc4 Nb6 6. Bb3 d5 7. exd6 Bf5 8. d4 exd6 9. 0-0 Be7 10. Bf4 0-0 11. Re1 d5 12. dxc5 Bxc5 13. a4 Nc4 14. Bxc4 dxc4 15. Na3 Bd3 16. Ne5 Nxe5 17. Bxe5 Qb6 18. Qd2 a6 19. a5 Qg6 20. Qf4 Rac8 21. Bd4 f6 22. Bxc5 Rxc5 23. Rad1 Rg5 24. g3 h5 25. h3 Rc8 26. Qd6 Kh7 27. Re7 h4 28. g4 Rc6 29. Qd4 Rxa5 30. Rxb7 Re5 31. f3 Qh6 32. Nb1 Rce6 33. Qf2 Re2 34. Qf1 Qe3+ 35. Kh1 Rf2 36. Qxd3+ cxd3 37. Rxd3 Qe1# 0-1

[Event "AUT-ch"]
[Site "Linz"]
[Date "2024.08.03"]
[Round "8"]
[White "Spiesberger, Gerhard"]
[Black "Deak Sala, Emilia"]
[Result "0-1"]
[WhiteElo "2036"]
[BlackElo "2052"]
[PlyCount "144"]
[EventDate "2024.07.27"]
[EventType "swiss"]
[EventRounds "9"]
[EventCountry "AUT"]
[SourceTitle "CBM 221 Extra"]
[Source "ChessBase"]
[SourceDate "2024.09.30"]
[SourceVersion "1"]
[SourceVersionDate "2024.09.30"]
[SourceQuality "1"]

1. e4 c5 2. Nc3 Nc6 3. g3 g6 4. Bg2 Bg7 5. d3 Rb8 6. Be3 d6 7. Qd2 b5 8. Nge2 Nd4 9. 0-0 e6 10. Nd1 b4 11. c3 bxc3 12. bxc3 Nxe2+ 13. Qxe2 Ne7 14. e5 0-0 15. exd6 Qxd6 16. Nb2 Nd5 17. Nc4 Qe7 18. Na5 Bd7 19. Nb3 Rfc8 20. Rac1 Ba4 21. Bd2 Qd7 22. d4 cxd4 23. Nxd4 Nxc3 24. Bxc3 Rxc3 25. Rxc3 Bxd4 26. Rd3 e5 27. Qd2 Rb2 28. Qxb2 Bxb2 29. Rxd7 Bxd7 30. Bd5 Bd4 31. Kg2 Kg7 32. f4 f5 33. fxe5 Bxe5 34. Rb1 Bc8 35. Bb7 Be6 36. a4 Kf6 37. Rc1 g5 38. a5 f4 39. gxf4 Bxf4 40. Rc6 Ke7 41. Rc2 h5 42. h3 h4 43. Bf3 Bf5 44. Rc6 Bd3 45. Kf2 Kd7 46. Rh6 Ke7 47. Bg4 Kf7 48. Kf3 Kg7 49. Rc6 Kf7 50. Rc3 Ba6 51. Ke4 Bb7+ 52. Kd4 Kf6 53. Rc5 Bg3 54. Rf5+ Kg6 55. Rf8 Bc7 56. Rf5 Bc8 57. Rc5 Bxg4 58. hxg4 Bg3 59. Ke3 Bf4+ 60. Kf3 Kf6 61. Rc8 Bh2 62. Ke4 Ke7 63. Kf5 Bf4 64. Rh8 Kd6 65. Rh7 Kc6 66. Rxa7 Kb5 67. a6 Kb6 68. Ra8 h3 69. Rh8 h2 70. Rh6+ Ka7 71. Ke4 Bg3 72. Kd5 Bh4 0-1

[Event "AUT-ch"]
[Site "Linz"]
[Date "2024.08.02"]
[Round "7"]
[White "Deak Sala, Emilia"]
[Black "Obermayr, Hermann"]
[Result "1/2-1/2"]
[WhiteElo "2052"]
[BlackElo "2077"]
[PlyCount "72"]
[EventDate "2024.07.27"]
[EventType "swiss"]
[EventRounds "9"]
[EventCountry "AUT"]
[SourceTitle "CBM 221 Extra"]
[Source "ChessBase"]
[SourceDate "2024.09.30"]
[SourceVersion "1"]
[SourceVersionDate "2024.09.30"]
[SourceQuality "1"]

1. d4 Nf6 2. Bf4 e6 3. e3 d5 4. Nf3 Bd6 5. Bg3 0-0 6. Bd3 c5 7. c3 Qc7 8. 0-0 Nbd7 9. Nbd2 e5 10. dxe5 Nxe5 11. Nxe5 Bxe5 12. c4 Be6 13. Qc2 Rac8 14. Rac1 Bxg3 15. hxg3 Qe5 16. b3 Rfd8 17. Nf3 Qh5 18. Rfd1 a6 19. cxd5 Nxd5 20. Be4 b5 21. Bxd5 Rxd5 22. Nd4 Rcd8 23. Ne2 Rxd1+ 24. Rxd1 Rxd1+ 25. Qxd1 Qd5 26. Qa1 Kf8 27. Nf4 Qd6 28. Qc3 Bf5 29. g4 Bxg4 30. Nd3 c4 31. bxc4 bxc4 32. Qxc4 Be6 33. Qe4 Bxa2 34. Nb4 Qd1+ 35. Kh2 Qh5+ 36. Kg1 Qd1+ 1/2-1/2

[Event "Belgrade Serbia op"]
[Site "Belgrade"]
[Date "2024.07.18"]
[Round "6"]
[White "Koudounis, Vasileios"]
[Black "Deak Sala, Emilia"]
[Result "1-0"]
[WhiteElo "2217"]
[BlackElo "2053"]
[PlyCount "73"]
[EventDate "2024.07.12"]
[EventType "swiss"]
[EventRounds "9"]
[EventCountry "SRB"]
[SourceTitle "CBM 221 Extra"]
[Source "ChessBase"]
[SourceDate "2024.09.30"]
[SourceVersion "1"]
[SourceVersionDate "2024.09.30"]
[SourceQuality "1"]

1. d4 Nf6 2. c4 g6 3. Nc3 Bg7 4. Nf3 d6 5. Bg5 0-0 6. e3 a6 7. h3 Bd7 8. a4 c5 9. d5 e6 10. Nd2 h6 11. Bh4 exd5 12. cxd5 Re8 13. Bd3 Bc8 14. Nc4 b6 15. 0-0 Bb7 16. e4 Qc7 17. Bg3 Bf8 18. f4 Nbd7 19. Qf3 b5 20. axb5 Nb6 21. Nxb6 Qxb6 22. e5 Nh5 23. Bh4 axb5 24. Rxa8 Rxa8 25. Bxb5 Ng7 26. g4 Ra5 27. Qe2 Bxd5 28. Nxd5 Qxb5 29. Nf6+ Kh8 30. Qxb5 Rxb5 31. Nd7 dxe5 32. Nxf8 exf4 33. Bf6 Kg8 34. Nd7 Ne6 35. Ra1 g5 36. Ra8+ Kh7 37. Be5 1-0

[Event "AUT-ch U18 Girls"]
[Site "Leibnitz"]
[Date "2024.03.27"]
[Round "6"]
[White "Deak Sala, Emilia"]
[Black "Hadrigan, Victoria"]
[Result "1-0"]
[WhiteElo "2014"]
[BlackElo "1551"]
[PlyCount "103"]
[EventDate "2024.03.24"]
[EventType "swiss"]
[EventRounds "7"]
[EventCountry "AUT"]
[SourceTitle "EXT 2025"]
[Source "ChessBase"]
[SourceDate "2024.10.14"]
[SourceVersion "1"]
[SourceVersionDate "2024.10.14"]
[SourceQuality "1"]

1. Nf3 d5 2. g3 Nf6 3. Bg2 Bf5 4. 0-0 e6 5. d3 Nc6 6. Nbd2 Bd6 7. Re1 Nd7 8. e4 dxe4 9. dxe4 Bg6 10. Nc4 Nb6 11. Nxd6+ cxd6 12. b3 0-0 13. Ba3 Qd7 14. Qxd6 Qxd6 15. Bxd6 Rfd8 16. Ba3 Rd7 17. c4 Rad8 18. c5 Nc8 19. Bf1 a6 20. h3 N8a7 21. Bb2 f6 22. a3 Na5 23. b4 N5c6 24. Bc4 Kf7 25. e5 f5 26. Ng5+ Ke7 27. Nxe6 Rg8 28. Nxg7 Rgd8 29. Ne6 Rb8 30. Bc1 Ke8 31. Bh6 Nd4 32. Ng7+ Kd8 33. Red1 Nac6 34. e6 Nf3+ 35. Kg2 Rxd1 36. Rxd1+ Nfd4 37. Bg5+ Kc7 38. Bf4+ Kd8 39. Bxb8 Kc8 40. Bd6 h6 41. e7 Kd7 42. Re1 h5 43. e8Q+ Bxe8 44. Nxe8 h4 45. Nf6+ Kc8 46. Re8+ Nd8 47. Re7 N4c6 48. Rc7+ Kb8 49. Nd7+ Ka8 50. Nb6+ Ka7 51. Rc8 hxg3 52. Ra8# 1-0

[Event "AUT-ch U18 Girls"]
[Site "Leibnitz"]
[Date "2024.03.26"]
[Round "5"]
[White "Deak Sala, Emilia"]
[Black "Wielander, Magdalena"]
[Result "1-0"]
[WhiteElo "2014"]
[BlackElo "1534"]
[PlyCount "85"]
[EventDate "2024.03.24"]
[EventType "swiss"]
[EventRounds "7"]
[EventCountry "AUT"]
[SourceTitle "EXT 2025"]
[Source "ChessBase"]
[SourceDate "2024.10.14"]
[SourceVersion "1"]
[SourceVersionDate "2024.10.14"]
[SourceQuality "1"]

1. Nf3 Nf6 2. g3 d6 3. Bg2 e5 4. 0-0 Nc6 5. d3 h6 6. e4 Be6 7. c3 Qd7 8. b4 Be7 9. Na3 0-0 10. Nc2 Bh3 11. Ne3 Nh7 12. Bxh3 Qxh3 13. Nf5 Rfe8 14. Kh1 Qg4 15. Bxh6 Bf8 16. Be3 g6 17. Nh6+ Bxh6 18. Bxh6 Qh5 19. Bd2 Nf6 20. Kg2 Kg7 21. Ng5 Rh8 22. Qxh5 Rxh5 23. b5 Nd8 24. h4 Ne6 25. c4 Nc5 26. Ba5 b6 27. Bc3 Nxd3 28. Rad1 Nc5 29. Rde1 a6 30. f4 Ncd7 31. fxe5 dxe5 32. Re2 a5 33. Rd2 Rd8 34. Bxe5 Nxe5 35. Rxd8 Nxc4 36. Rc1 Ne3+ 37. Kf3 Neg4 38. Rxc7 Ne5+ 39. Kf4 Nfg4 40. Nxf7 Kf6 41. Rd6+ Kg7 42. Ng5+ Kg8 43. Rd8# 1-0